[Event "Regionalliga SW 1415"]
[Site "Bayern"]
[Date "2015.04.12"]
[Round "9.5"]
[White "Tibitanzl, Thomas"]
[Black "Stanzl, Matthias"]
[Result "1-0"]
[WhiteElo "2004"]
[BlackElo "1962"]
[PlyCount "43"]
[EventDate "2014.10.19"]
[EventType "team-tourn"]
[EventRounds "9"]
[EventCountry "GER"]
[SourceTitle "EXT 2018"]
[Source "ChessBase"]
[SourceDate "2017.10.13"]
[SourceVersion "1"]
[SourceVersionDate "2017.10.13"]
[SourceQuality "1"]
[WhiteTeam "MSA Zugzwang II"]
[BlackTeam "Mering"]
[WhiteTeamCountry "GER"]
[BlackTeamCountry "GER"]

1. d4 d5 2. Nf3 Nf6 3. c4 e6 4. Bf4 Bd6 5. Bg3 c5 6. e3 cxd4 7. exd4 Nc6 8. Nc3 0-0 9. Be2 Ne4 10. 0-0 Nxg3 11. hxg3 dxc4 12. Bxc4 Qb6 13. Re1 a6 14. Qc2 Bd7 15. d5 exd5 16. Nxd5 Qa7 17. Qd3 Bxg3 18. Re3 Rae8 19. Ng5 Bxf2+ 20. Kxf2 f5 21. Ne7+ Kh8 22. Ng6+ 1-0

[Event "Regionalliga SW 1415"]
[Site "Bayern"]
[Date "2014.11.23"]
[Round "3.5"]
[White "Stanzl, Matthias"]
[Black "Tudosa, Daniel"]
[Result "0-1"]
[WhiteElo "1962"]
[BlackElo "1944"]
[PlyCount "96"]
[EventDate "2014.10.19"]
[EventType "team-tourn"]
[EventRounds "9"]
[EventCountry "GER"]
[SourceTitle "EXT 2018"]
[Source "ChessBase"]
[SourceDate "2017.10.13"]
[SourceVersion "1"]
[SourceVersionDate "2017.10.13"]
[SourceQuality "1"]
[WhiteTeam "Mering"]
[BlackTeam "Tuerkheim/Bad Woerishofen"]
[WhiteTeamCountry "GER"]
[BlackTeamCountry "GER"]

1. d4 Nf6 2. c4 e6 3. Nc3 Bb4 4. Nf3 0-0 5. Bg5 c5 6. d5 Bxc3+ 7. bxc3 Qa5 8. Bxf6 gxf6 9. Qc2 d6 10. g4 Nd7 11. Nd2 Ne5 12. e3 Kh8 13. h3 exd5 14. cxd5 c4 15. Ne4 f5 16. Nf6 Qd8 17. g5 Nf3+ 18. Kd1 Nxg5 19. Nh5 Ne4 20. h4 Qa5 21. Bxc4 Nxc3+ 22. Kc1 Qa3+ 23. Kd2 Ne4+ 24. Ke2 Bd7 25. f3 Ba4 26. Qc1 Qxc1 27. Raxc1 Nc5 28. Bd3 Nxd3 29. Kxd3 Rac8 30. Rhg1 b6 31. Kd4 Rc5 32. Rb1 Rfc8 33. Rb4 b5 34. Nf6 a5 35. Rb2 Rc3 36. Rg8+ Rxg8 37. Kxc3 Rg3 38. Rf2 Bd1 39. Kd4 b4 40. f4 Ba4 41. e4 fxe4 42. Nxe4 Rg1 43. Nxd6 b3 44. Nc4 Rd1+ 45. Kc5 Rc1 46. d6 bxa2 47. d7 Bxd7 48. Rxa2 Rxc4+ 0-1

[Event "Regionalliga SW 1415"]
[Site "Bayern"]
[Date "2014.11.09"]
[Round "2.5"]
[White "Amelang, Thomas"]
[Black "Stanzl, Matthias"]
[Result "1/2-1/2"]
[WhiteElo "2099"]
[BlackElo "1962"]
[PlyCount "83"]
[EventDate "2014.10.19"]
[EventType "team-tourn"]
[EventRounds "9"]
[EventCountry "GER"]
[SourceTitle "EXT 2018"]
[Source "ChessBase"]
[SourceDate "2017.10.13"]
[SourceVersion "1"]
[SourceVersionDate "2017.10.13"]
[SourceQuality "1"]
[WhiteTeam "Muenchen Siemens"]
[BlackTeam "Mering"]
[WhiteTeamCountry "GER"]
[BlackTeamCountry "GER"]

1. e4 c6 2. d4 g6 3. Nc3 Bg7 4. Nf3 d5 5. Be3 dxe4 6. Nxe4 Nd7 7. h3 Ngf6 8. Nc3 Nb6 9. Bd3 Nbd5 10. Nxd5 Nxd5 11. Bd2 Qd6 12. 0-0 Nf4 13. Bc4 b5 14. Bb3 0-0 15. Bxf4 Qxf4 16. Qc1 Qxc1 17. Raxc1 Bb7 18. c4 c5 19. dxc5 Bxf3 20. gxf3 b4 21. c6 Bxb2 22. Rcd1 Rac8 23. Ba4 e5 24. Rd7 Bd4 25. Rd1 Rfe8 26. Kf1 Kf8 27. Ke2 Re7 28. Kd3 Rc7 29. Rd2 Rexd7 30. cxd7 Ke7 31. f4 Bc3 32. Re2 Rc5 33. fxe5 Rxe5 34. Rxe5+ Bxe5 35. Ke4 Bc3 36. Kd5 Kd8 37. Kc6 g5 38. c5 Bd4 39. f3 h5 40. Bc2 Be3 41. Bf5 h4 42. Kb5 1/2-1/2

[Event "Regionalliga SW 1314"]
[Site "Bayern"]
[Date "2014.04.06"]
[Round "9.4"]
[White "Ciaffone, Daniel"]
[Black "Stanzl, Matthias"]
[Result "1/2-1/2"]
[WhiteElo "2053"]
[BlackElo "2010"]
[PlyCount "38"]
[EventDate "2013.10.13"]
[EventType "team-tourn"]
[EventRounds "9"]
[EventCountry "GER"]
[SourceTitle "EXT 2015"]
[Source "ChessBase"]
[SourceDate "2014.11.20"]
[SourceVersion "1"]
[SourceVersionDate "2014.11.20"]
[SourceQuality "1"]
[WhiteTeam "Bayern Muenchen III"]
[BlackTeam "Mering"]
[WhiteTeamCountry "GER"]
[BlackTeamCountry "GER"]

1. e4 e5 2. Nf3 Nc6 3. d4 exd4 4. Bc4 Nf6 5. 0-0 d6 6. Nxd4 Nxd4 7. Qxd4 Be7 8. Nc3 0-0 9. Bg5 Ng4 10. Bxe7 Qxe7 11. Nd5 Qh4 12. h3 Ne5 13. f4 Nxc4 14. Qxc4 c6 15. Nc3 Rd8 16. Rad1 Bxh3 17. gxh3 Qg3+ 18. Kh1 Qxh3+ 19. Kg1 Qg3+ 1/2-1/2

[Event "Regionalliga SW 1314"]
[Site "Bayern"]
[Date "2013.12.15"]
[Round "4.5"]
[White "Boehm, Uwe"]
[Black "Stanzl, Matthias"]
[Result "1/2-1/2"]
[WhiteElo "2117"]
[BlackElo "2010"]
[PlyCount "96"]
[EventDate "2013.10.13"]
[EventType "team-tourn"]
[EventRounds "9"]
[EventCountry "GER"]
[SourceTitle "EXT 2015"]
[Source "ChessBase"]
[SourceDate "2014.11.20"]
[SourceVersion "1"]
[SourceVersionDate "2014.11.20"]
[SourceQuality "1"]
[WhiteTeam "Muenchen Siemens"]
[BlackTeam "Mering"]
[WhiteTeamCountry "GER"]
[BlackTeamCountry "GER"]

1. d4 d5 2. Nc3 Nf6 3. Bg5 Nbd7 4. Qd3 c6 5. Nf3 Qa5 6. Bd2 Qc7 7. e4 dxe4 8. Nxe4 Nxe4 9. Qxe4 Nf6 10. Qe3 Bf5 11. Bd3 Nd5 12. Qe2 Bxd3 13. Qxd3 e6 14. 0-0 Be7 15. c4 Nf6 16. Bc3 0-0 17. Rad1 Rad8 18. Qe2 Rfe8 19. Rfe1 h6 20. h3 Nh7 21. Ne5 Bf6 22. Ng4 Bg5 23. a3 Nf6 24. Ne5 Nd7 25. Ng4 Nf6 26. d5 Nxg4 27. hxg4 cxd5 28. cxd5 Qc8 29. dxe6 Rxe6 30. Rxd8+ Qxd8 31. Qd1 Rxe1+ 32. Qxe1 Qd7 33. Qe5 Bf6 34. Qb8+ Bd8 35. Qxa7 Qd1+ 36. Kh2 Qxg4 37. Qxb7 Qf4+ 38. Kg1 Qc1+ 39. Kh2 Qf4+ 40. g3 Qxf2+ 41. Qg2 Qf5 42. Qe2 Bc7 43. Kg2 h5 44. Qf3 Qg6 45. Kh3 Qe6+ 46. Kg2 Qg6 47. Kh3 Qe6+ 48. Kg2 Qg6 1/2-1/2

[Event "Regionalliga SW 1314"]
[Site "Bayern"]
[Date "2013.11.24"]
[Round "3.4"]
[White "Stanzl, Matthias"]
[Black "Azimi, Reza"]
[Result "1-0"]
[WhiteElo "2010"]
[BlackElo "2016"]
[PlyCount "66"]
[EventDate "2013.10.13"]
[EventType "team-tourn"]
[EventRounds "9"]
[EventCountry "GER"]
[SourceTitle "EXT 2015"]
[Source "ChessBase"]
[SourceDate "2014.11.20"]
[SourceVersion "1"]
[SourceVersionDate "2014.11.20"]
[SourceQuality "1"]
[WhiteTeam "Mering"]
[BlackTeam "Muenchen 36"]
[WhiteTeamCountry "GER"]
[BlackTeamCountry "GER"]

1. d4 d5 2. c4 c6 3. Nc3 Nf6 4. Nf3 e6 5. Bg5 h6 6. Bh4 Be7 7. e3 Nbd7 8. cxd5 exd5 9. Bd3 0-0 10. 0-0 Ne4 11. Bxe7 Qxe7 12. Qc2 f5 13. Rab1 Ng5 14. Nxg5 Qxg5 15. Ne2 Nf6 16. b4 a6 17. a4 Ne4 18. b5 axb5 19. axb5 Bd7 20. bxc6 Bxc6 21. Nf4 Qf6 22. Rb6 g5 23. Nxd5 Qd8 24. Rxc6 bxc6 25. Qxc6 Kg7 26. Nc7 Qc8 27. Bxe4 fxe4 28. Qxa8 Qxc7 29. Qxe4 Qf7 30. Qe5+ Kg8 31. Qg3 Qa2 32. h4 Qe2 33. hxg5 h5 1-0

[Event "Deizisau Herbst op 1st"]
[Site "Deizisau"]
[Date "2006.11.01"]
[Round "7"]
[White "Stanzl, Matthias"]
[Black "Dinger, Florian"]
[Result "0-1"]
[WhiteElo "2159"]
[BlackElo "2279"]
[PlyCount "50"]
[EventDate "2006.10.29"]
[EventType "swiss"]
[EventRounds "7"]
[EventCountry "GER"]
[SourceTitle "EXT 2022"]
[Source "ChessBase"]
[SourceDate "2021.10.06"]
[SourceVersion "1"]
[SourceVersionDate "2021.10.06"]
[SourceQuality "1"]

1. d4 d6 2. e4 Nf6 3. Nc3 e5 4. Nf3 Nbd7 5. Bc4 Be7 6. 0-0 0-0 7. Qe2 c6 8. a4 exd4 9. Nxd4 Re8 10. Re1 Bf8 11. Bg5 h6 12. Bh4 d5 13. Bd3 c5 14. Nf5 c4 15. Nxd5 cxd3 16. Qxd3 g5 17. Bg3 Nc5 18. Qf3 Nxd5 19. exd5 Rxe1+ 20. Rxe1 Bxf5 21. Qxf5 Qd7 22. Qf3 Re8 23. Rxe8 Qxe8 24. h4 Qe4 25. Qf6 Nd7 0-1

[Event "Bayern-ch 77th"]
[Site "Bad Woerishofen"]
[Date "2006.08.28"]
[Round "4"]
[White "Stanzl, Matthias"]
[Black "Grimberg, Boris"]
[Result "1/2-1/2"]
[WhiteElo "2115"]
[BlackElo "2210"]
[PlyCount "55"]
[EventDate "2006.08.26"]
[EventType "swiss"]
[EventRounds "9"]
[EventCountry "GER"]
[SourceTitle "EXT 2007"]
[Source "ChessBase"]
[SourceDate "2006.11.23"]
[SourceVersion "1"]
[SourceVersionDate "2006.11.23"]
[SourceQuality "1"]

1. d4 Nf6 2. c4 e6 3. Nc3 d5 4. Nf3 Be7 5. Bg5 Nbd7 6. e3 c6 7. h3 0-0 8. cxd5 exd5 9. Bd3 Ne4 10. Bf4 f5 11. Qc2 Ndf6 12. 0-0 Qe8 13. a3 h6 14. Ne5 g5 15. Bh2 Be6 16. f3 Nd6 17. Rfe1 Kg7 18. e4 dxe4 19. fxe4 f4 20. d5 Bg8 21. Nf3 Nb5 22. d6 Bd8 23. e5 Nd5 24. Nxd5 Bxd5 25. a4 Bb6+ 26. Kh1 Nd4 27. Nxd4 Bxd4 28. Bg1 1/2-1/2

[Event "Bayern-ch 77th"]
[Site "Bad Woerishofen"]
[Date "2006.08.27"]
[Round "3"]
[White "Callenberg, Ralf"]
[Black "Stanzl, Matthias"]
[Result "1/2-1/2"]
[WhiteElo "1989"]
[BlackElo "2115"]
[PlyCount "98"]
[EventDate "2006.08.26"]
[EventType "swiss"]
[EventRounds "9"]
[EventCountry "GER"]
[SourceTitle "EXT 2007"]
[Source "ChessBase"]
[SourceDate "2006.11.23"]
[SourceVersion "1"]
[SourceVersionDate "2006.11.23"]
[SourceQuality "1"]

1. c4 Nf6 2. g3 c6 3. Nf3 e6 4. Bg2 d5 5. b3 Nbd7 6. Bb2 Bd6 7. cxd5 exd5 8. 0-0 0-0 9. Nc3 Re8 10. Nd4 Nc5 11. b4 Nce4 12. Nxe4 Nxe4 13. d3 Ng5 14. Qd2 h6 15. Nf3 Nh3+ 16. Bxh3 Bxh3 17. Rfe1 Qd7 18. a3 Qg4 19. Qc3 f6 20. Qd4 Rxe2 21. Qxg4 Rxe1+ 22. Rxe1 Bxg4 23. Nd4 Kf7 24. f3 Bd7 25. Kf2 a5 26. Nc2 Bf5 27. Rd1 axb4 28. Nxb4 Bxb4 29. axb4 Ra2 30. Rd2 Bxd3 31. Ke3 Bb5 32. Bd4 Ra3+ 33. Kf2 Ke6 34. h4 h5 35. Kg2 Bc4 36. Kf2 Ra6 37. Kg2 b6 38. g4 g6 39. gxh5 gxh5 40. Kg3 Ra4 41. Rb2 Ra6 42. Kf4 Bb5 43. Rb1 Bd3 44. Rb3 Bg6 45. Re3+ Kf7 46. Rc3 c5 47. bxc5 Ra4 48. Ke3 bxc5 49. Rxc5 Ra3+ 1/2-1/2

[Event "Bayern-ch 77th"]
[Site "Bad Woerishofen"]
[Date "2006.08.27"]
[Round "2"]
[White "Stanzl, Matthias"]
[Black "Kaunzinger, Albert"]
[Result "0-1"]
[WhiteElo "2115"]
[BlackElo "2223"]
[PlyCount "38"]
[EventDate "2006.08.26"]
[EventType "swiss"]
[EventRounds "9"]
[EventCountry "GER"]
[SourceTitle "EXT 2007"]
[Source "ChessBase"]
[SourceDate "2006.11.23"]
[SourceVersion "1"]
[SourceVersionDate "2006.11.23"]
[SourceQuality "1"]

1. d4 d5 2. c4 Nc6 3. e3 e5 4. cxd5 Qxd5 5. Nc3 Bb4 6. Bd2 Bxc3 7. bxc3 Qd6 8. Qb3 Nf6 9. Be2 0-0 10. dxe5 Nxe5 11. c4 Ne4 12. Rd1 Qg6 13. g3 Be6 14. Bb4 Rfd8 15. Rxd8+ Rxd8 16. f3 c5 17. Bc3 Nxc3 18. Qxc3 Qb1+ 19. Kf2 Nxc4 0-1

[Event "Stuttgart-chA int"]
[Site "Ditzingen"]
[Date "2005.05.07"]
[Round "6"]
[White "Stanzl, Matthias"]
[Black "Gelfenboim, Jaroslaw"]
[Result "1/2-1/2"]
[WhiteElo "2111"]
[BlackElo "2213"]
[PlyCount "44"]
[EventDate "2005.05.05"]
[EventType "swiss"]
[EventRounds "7"]
[EventCountry "GER"]
[SourceTitle "EXT 2018"]
[Source "ChessBase"]
[SourceDate "2017.10.13"]
[SourceVersion "1"]
[SourceVersionDate "2017.10.13"]
[SourceQuality "1"]

1. d4 d5 2. c4 e5 3. dxe5 d4 4. Nf3 Nc6 5. g3 Bg4 6. Bg2 Qd7 7. 0-0 0-0-0 8. Bg5 Be7 9. Bxe7 Ngxe7 10. b4 Ng6 11. Qa4 Kb8 12. b5 Ncxe5 13. Nbd2 Bh3 14. c5 Bxg2 15. Kxg2 Qd5 16. Rac1 h5 17. h4 Rhe8 18. Qb3 Nxf3 19. exf3 Qxb3 20. Nxb3 Nf8 21. Rcd1 Ne6 22. Rfe1 Kc8 1/2-1/2

[Event "Stuttgart-chA int"]
[Site "Ditzingen"]
[Date "2005.05.05"]
[Round "1"]
[White "Jehle, Anja"]
[Black "Stanzl, Matthias"]
[Result "0-1"]
[WhiteElo "1723"]
[BlackElo "2111"]
[PlyCount "48"]
[EventDate "2005.05.05"]
[EventType "swiss"]
[EventRounds "7"]
[EventCountry "GER"]
[SourceTitle "EXT 2018"]
[Source "ChessBase"]
[SourceDate "2017.10.13"]
[SourceVersion "1"]
[SourceVersionDate "2017.10.13"]
[SourceQuality "1"]

1. d4 d5 2. c4 e6 3. Nc3 Be7 4. Nf3 Nf6 5. Bg5 0-0 6. e3 c6 7. Bd3 Nbd7 8. 0-0 Re8 9. Rc1 Nf8 10. Qc2 h6 11. Bh4 dxc4 12. Bxc4 Ng6 13. Bxf6 Bxf6 14. Bd3 Nh4 15. Nxh4 Bxh4 16. f4 Qa5 17. e4 Bd7 18. a3 Rac8 19. g3 Be7 20. Ne2 c5 21. d5 c4 22. Bxc4 exd5 23. exd5 b5 24. Qb3 bxc4 0-1

[Event "Bayern-ch 71st"]
[Site "Bad Koenigshofen"]
[Date "2000.08.31"]
[Round "7"]
[White "Riedl, Maximilian"]
[Black "Stanzl, Matthias"]
[Result "1/2-1/2"]
[WhiteElo "2219"]
[BlackElo "2041"]
[PlyCount "127"]
[EventDate "2000.08.26"]
[EventType "swiss"]
[EventRounds "9"]
[EventCountry "GER"]
[SourceTitle "EXT 2015"]
[Source "ChessBase"]
[SourceDate "2014.11.20"]
[SourceVersion "1"]
[SourceVersionDate "2014.11.20"]
[SourceQuality "1"]

1. Nf3 d5 2. d4 Bf5 3. e3 Nf6 4. c4 c6 5. Qb3 Qb6 6. c5 Qxb3 7. axb3 Nbd7 8. b4 Rb8 9. Nc3 a6 10. Be2 h6 11. 0-0 g5 12. Bd2 Bg7 13. Nb1 Ne4 14. Bc3 0-0 15. Nbd2 Bg4 16. Rfe1 Nxd2 17. Nxd2 Bxe2 18. Rxe2 f5 19. Rae1 e5 20. f3 Kf7 21. Nb3 e4 22. h3 Ke6 23. Nd2 Nf6 24. g4 exf3 25. gxf5+ Kxf5 26. Nxf3 Ne4 27. Rg2 Rg8 28. Rf1 Ke6 29. Be1 Rbf8 30. Nh2 h5 31. Re2 Rxf1+ 32. Kxf1 Kf5 33. Rg2 Bf6 34. Ke2 Bd8 35. Rg1 Bc7 36. Nf3 g4 37. Nh4+ Ke6 38. hxg4 Rxg4 39. Rxg4 hxg4 40. Ng2 Kf5 41. Nh4+ Kg5 42. Ng2 Bg3 43. Bd2 Nxd2 44. Kxd2 Kf5 45. Kd3 Bc7 46. Nh4+ Kg5 47. Ng2 g3 48. Kd2 Kg4 49. Ke2 Bd8 50. Nf4 Bh4 51. Ng2 Bd8 52. Nf4 a5 53. bxa5 Bxa5 54. Ng2 Kh3 55. Kf3 Bd2 56. Nf4+ Kh2 57. Ng2 Bc1 58. b3 Bd2 59. Nf4 Bxe3 60. Kxe3 g2 61. Ne2 g1Q+ 62. Nxg1 Kxg1 63. Kf3 Kh2 64. Kf2 1/2-1/2

[Event "Passau op 7th"]
[Site "Passau"]
[Date "1999.04.05"]
[Round "7"]
[White "Renner, Gabriele"]
[Black "Stanzl, Matthias"]
[Result "0-1"]
[WhiteElo "1680"]
[BlackElo "1957"]
[PlyCount "74"]
[EventDate "1999.04.02"]
[EventType "swiss"]
[EventRounds "7"]
[EventCountry "GER"]
[SourceTitle "EXT 2000"]
[Source "ChessBase"]
[SourceDate "1999.11.16"]
[SourceVersion "1"]
[SourceVersionDate "1999.11.16"]
[SourceQuality "1"]

1. e4 e5 2. Nf3 Nc6 3. d4 exd4 4. Bc4 d6 5. Nxd4 Ne5 6. Bb3 Nf6 7. Nc3 Be7 8. 0-0 0-0 9. f4 Ng6 10. Qe1 Nd7 11. Nf3 Nc5 12. Bc4 a5 13. Be3 c6 14. Rd1 Qc7 15. Qg3 b5 16. Be2 f5 17. Bxc5 dxc5 18. e5 a4 19. h4 Re8 20. h5 Nf8 21. Nh4 Be6 22. Bd3 b4 23. Nb1 Bxh4 24. Qxh4 c4 25. Be2 Bd5 26. Bf3 Rad8 27. Qf2 Ne6 28. g3 Re7 29. Rd2 Bxf3 30. Rxd8+ Qxd8 31. Qxf3 Qd4+ 32. Kh1 Qxb2 33. Qxc6 Qxc2 34. Kg1 Qd3 35. Qg2 c3 36. Kh1 Rd7 37. h6 c2 0-1

[Event "Passau op 7th"]
[Site "Passau"]
[Date "1999.04.03"]
[Round "3"]
[White "Bensch, Patrick"]
[Black "Stanzl, Matthias"]
[Result "1-0"]
[WhiteElo "2255"]
[BlackElo "1957"]
[PlyCount "45"]
[EventDate "1999.04.02"]
[EventType "swiss"]
[EventRounds "7"]
[EventCountry "GER"]
[SourceTitle "EXT 2000"]
[Source "ChessBase"]
[SourceDate "1999.11.16"]
[SourceVersion "1"]
[SourceVersionDate "1999.11.16"]
[SourceQuality "1"]

1. e4 c5 2. Nf3 Nc6 3. d4 cxd4 4. Nxd4 e6 5. Nc3 a6 6. Be2 b5 7. Be3 Bb7 8. f4 Qc7 9. Bf3 Rd8 10. 0-0 Bc5 11. Kh1 Nxd4 12. Bxd4 Nf6 13. e5 Bxf3 14. Rxf3 Ng4 15. Bxc5 Qxc5 16. Ne4 Qb6 17. Nd6+ Kf8 18. Qg1 Qxg1+ 19. Kxg1 f5 20. Rd1 Rb8 21. Rc3 Ke7 22. h3 b4 23. Rg3 1-0

[Event "Passau op 7th"]
[Site "Passau"]
[Date "1999.04.02"]
[Round "1"]
[White "Rogic, Davor"]
[Black "Stanzl, Matthias"]
[Result "1-0"]
[WhiteElo "2475"]
[BlackElo "1957"]
[PlyCount "85"]
[EventDate "1999.04.02"]
[EventType "swiss"]
[EventRounds "7"]
[EventCountry "GER"]
[SourceTitle "EXT 2000"]
[Source "ChessBase"]
[SourceDate "1999.11.16"]
[SourceVersion "1"]
[SourceVersionDate "1999.11.16"]
[SourceQuality "1"]

1. e4 c5 2. Nf3 Nc6 3. d4 cxd4 4. Nxd4 e6 5. Nb5 d6 6. c4 a6 7. N5c3 Nf6 8. Be2 Be7 9. 0-0 0-0 10. Be3 Rb8 11. Na3 Qc7 12. Rc1 b6 13. f3 Rd8 14. Nd5 Qa7 15. Nxe7+ Qxe7 16. Qe1 Nd7 17. Nc2 Bb7 18. Qf2 Ba8 19. Rfd1 Nc5 20. Nd4 Nxd4 21. Bxd4 a5 22. b3 Rd7 23. Rc2 Rbd8 24. Rcd2 Bc6 25. Qe3 e5 26. Bb2 Rb8 27. Bf1 h6 28. Ba3 Rbd8 29. g3 Qe6 30. h4 Kh7 31. Kh2 g6 32. Bh3 f5 33. h5 Kg7 34. hxg6 Qxg6 35. Bxf5 Qh5+ 36. Kg2 Rf7 37. Rxd6 Rxf5 38. Bxc5 Rxd6 39. Rxd6 Rf6 40. Rxf6 Kxf6 41. Bxb6 a4 42. Qc5 Bd7 43. Qd6+ 1-0

[Event "Passau op 6th"]
[Site "Passau"]
[Date "1998.04.10"]
[Round "1"]
[White "Stanzl, Matthias"]
[Black "Klundt, Klaus"]
[Result "0-1"]
[WhiteElo "1930"]
[BlackElo "2375"]
[PlyCount "45"]
[EventDate "1998.04.10"]
[EventType "swiss"]
[EventRounds "7"]
[EventCountry "GER"]
[SourceTitle "EXT 1999"]
[Source "ChessBase"]
[SourceDate "1998.11.16"]
[SourceVersion "1"]
[SourceVersionDate "1998.11.16"]
[SourceQuality "1"]

1. d4 Nf6 2. c4 g6 3. Nc3 Bg7 4. e4 0-0 5. Bg5 h6 6. Be3 d6 7. f3 c5 8. Nge2 Nc6 9. Qd2 Kh7 10. g4 Qa5 11. Kf2 Bxg4 12. d5 Ne5 13. Ng1 e6 14. fxg4 exd5 15. exd5 Nfxg4+ 16. Kg2 Nxe3+ 17. Qxe3 Rae8 18. Qf4 f5 19. h3 Qb4 20. Qc1 Nxc4 21. Bxc4 Qxc4 22. Qf1 Qb4 23. Qb5 0-1